Rolling Stones Songs by Synonyms - Statistics

General Stats
  • This quiz has been taken 208 times
    40 since last reset
  • The average score is 12 of 18
Answer Stats
Synonyms Song % Correct
Stain It Dark Paint It Black
94%
I'm Unable to Receive Any Gratification (I Can't Get No) Satisfaction
91%
Compassion for Satan Sympathy for the Devil
91%
Feral Stallions Wild Horses
88%
Grant Me Refuge Gimme Shelter
82%
Switch Me On Start Me Up
79%
Below My Digit Under My Thumb
79%
Mom's Tiny Assistant Mother's Little Helper
76%
Female Dog Bitch
68%
Sucrose With Molasses Brown Sugar
68%
Lifeless Bouquet Dead Flowers
59%
Ape Guy Monkey Man
59%
Rolling Number Cubes Tumbling Dice
56%
Saloon Ladies Honky Tonk Women
53%
Disembark from My Vapor Get Off of My Cloud
50%
The Woman's a Color Spectrum She's a Rainbow
50%
Working Animal Beast of Burden
32%
11757250746367214 Miles from Earth 2000 Light Years from Home
24%
No matching quizzes found
Score Distribution
Percent of People with Each Score
Percentile by Number Answered
Your Score History
You have not taken this quiz since the last reset